Dallas Mavericks 2025-2026 Roster - Statistics

General Stats
  • This quiz has been taken 33 times
    26 since last reset
  • The average score is 11 of 18
Answer Stats
Jersey # Pos Answer % Correct
11 G Kyrie Irving
90%
21 F-C Daniel Gafford
85%
32 F Cooper Flagg
80%
2 C Dereck Lively II
80%
31 G Klay Thompson
80%
00 G Max Christie
80%
9 G Ryan Nembhard
80%
25 F P.J. Washington
70%
10 G Brandon Williams
65%
13 F Naji Marshall
65%
7 F-C Dwight Powell
60%
20 F Khris Middleton
55%
35 F Marvin Bagley III
55%
30 C Moussa Cisse
55%
16 F Caleb Martin
50%
8 G AJ Johnson
30%
14 G Miles Kelly
20%
1 G Tyus Jones
10%
No matching quizzes found
Score Distribution
Percent of People with Each Score
Percentile by Number Answered
Your Score History
You have not taken this quiz since the last reset